000 00205nam a22000857a 4500
008 160629b xxu||||| |||| 00| 0 eng d
100 _91374
_aJain, S
245 _aLearning FoxPro 2.6
260 _aN.D
_b Arya
_c2005
999 _c1134
_d1134